Una vida de Héroe: Una Historia de la Literatura
保存先:
| 第一著者: | |
|---|---|
| フォーマット: | 図書 |
| 言語: | Spanish |
| 出版事項: |
Costa Rica
Departamento de Español, Colegio Seminario
2010
|
| 主題: | |
| タグ: |
タグ追加
タグなし, このレコードへの初めてのタグを付けませんか!
|
MARC
| LEADER | 00000nam a2200000Ia 4500 | ||
|---|---|---|---|
| 008 | 170316s9999 xx 000 0 spa d | ||
| 999 | |c 30875 |d 30875 | ||
| 040 | |a cru BVZT | ||
| 090 | |a 801 C-19u | ||
| 100 | |a Castro Carvajal, Hiram | ||
| 245 | |a Una vida de Héroe: Una Historia de la Literatura |c Hiram Castro Carvajal | ||
| 260 | |a Costa Rica | ||
| 260 | |b Departamento de Español, Colegio Seminario | ||
| 260 | |c 2010 | ||
| 300 | |a 515 páginas | ||
| 650 | |a TEORÍA LITERARIA |9 178 | ||
| 650 | |a LITERATURA - EDUCACIÓN SECUNDARIA (BASADO EN LOS PROGRAMAS DEL MEP - COSTA RICA) | ||
| 650 | |a LA BIBLIA | ||
| 650 | |a GRECIA | ||
| 650 | |a ROMA | ||
| 650 | |a EDAD MEDIA | ||
| 650 | |a RENACIMIENTO | ||
| 650 | |a SHAKESPEARE | ||
| 650 | |a EL SIGLO DEL QUIJOTE | ||
| 650 | |a ROMANTICISMO | ||
| 650 | |a NOVELA DE AVENTURAS | ||
| 650 | |a REALISMO | ||
| 650 | |a COSTUMBRISMO | ||
| 650 | |a MODERNISMO | ||
| 650 | |a NATURALISMO | ||
| 650 | |a LITERATURA DE TERROR | ||
| 650 | |a LITERATURA Y CRIMEN | ||
| 650 | |a VANGUARDISMO | ||
| 650 | |a UNA VIDA DE HÉROE | ||
| 650 | |a HISTORIA DE LA LITERATURA | ||
| 942 | |c SALA |h 801 C-19u |2 z | ||
